Porch, lawn, and cottage furniture : (Record no. 22670)

000 -LEADER
fixed length control field 01434cam a2200301 a 4500
001 - CONTROL NUMBER
control field 4363023
005 - DATE AND TIME OF LATEST TRANSACTION
control field 20170124145451.0
008 - FIXED-LENGTH DATA ELEMENTS--GENERAL INFORMATION
fixed length control field 900802r19911904nyua c 000 0 eng
010 ## - LIBRARY OF CONGRESS CONTROL NUMBER
LC control number 90045633
020 ## - INTERNATIONAL STANDARD BOOK NUMBER
International Standard Book Number 0486265315 (pbk.) :
Terms of availability $7.95
050 00 - LIBRARY OF CONGRESS CALL NUMBER
Classification number NK2439.R87A4 1991
245 00 - TITLE STATEMENT
Title Porch, lawn, and cottage furniture :
Remainder of title two complete catalogs, ca. 1904 and 1926 /
Statement of responsibility, etc. Rustic Hickory Furniture Co. ; edited by Victor M. Linoff.
260 ## - PUBLICATION, DISTRIBUTION, ETC. (IMPRINT)
Place of publication, distribution, etc. New York :
Name of publisher, distributor, etc. Dover Publications,
Date of publication, distribution, etc. 1991.
300 ## - PHYSICAL DESCRIPTION
Extent v, 73 p. :
Other physical details chiefly ill. ;
Dimensions 29 cm.
500 ## - GENERAL NOTE
General note Unabridged republication of the catalogs entitled: Rustic Hickory Furniture Co., ca. 1904 and Rustic hickory, 1926.
610 20 - SUBJECT ADDED ENTRY--CORPORATE NAME
Corporate name or jurisdiction name as entry element Rustic Hickory Furniture Co.
General subdivision Catalogs.
650 #0 - SUBJECT ADDED ENTRY--TOPICAL TERM
Topical term or geographic name as entry element Country furniture
Geographic subdivision United States
General subdivision History
Chronological subdivision 20th century
General subdivision Catalogs.
650 #0 - SUBJECT ADDED ENTRY--TOPICAL TERM
Topical term or geographic name as entry element Hickory furniture.
700 1# - ADDED ENTRY--PERSONAL NAME
Personal name Linoff, Victor M.
710 22 - ADDED ENTRY--CORPORATE NAME
Corporate name or jurisdiction name as entry element Rustic Hickory Furniture Co.
Title of a work Rustic Hickory Furniture Co.
Date of a work 1991.
710 22 - ADDED ENTRY--CORPORATE NAME
Corporate name or jurisdiction name as entry element Rustic Hickory Furniture Co.
Title of a work Rustic hickory.
Date of a work 1991.
942 ## - ADDED ENTRY ELEMENTS (KOHA)
Source of classification or shelving scheme
Koha item type Hard Covered Materials
Holdings
Withdrawn status Lost status Source of classification or shelving scheme Damaged status Not for loan Home library Current library Shelving location Date acquired Source of acquisition Total Checkouts Full call number Barcode Date last seen Price effective from Koha item type
          MACHAKOS UNIVERSITY LIBRARY MACHAKOS UNIVERSITY LIBRARY Open shelf 24/01/2017 Donation(BFA)   NK2439.R87A4 1991 30840 24/01/2017 24/01/2017 Hard Covered Materials
© Machakos University Library, Along The Highway, Machakos Wote Rd, Machakos, Kenya P.O. Box 136 - 90100 Machakos - Kenya

Tel: ( +254 ) 723 805829 OR Fax : 044-20353 OR Email: library@mksu.ac.ke